00515nam a22001697a 450000500170000001000130001702000260003003500110005603700130006708200080008010000260008824500470011424600390016126000500020027000720025030000230032220210831164516.0 aUR-11218 c200.00a9789390533015 aU-9773 bDBAD/PUB a841 aقمر ز ا ہد ی  aسا ز حيا ت cقمر ز ا ہد ی  aSaze Hayat (Urdu)bby Qamar Zahidi aDelhic2020 ءbEducational Publishing House  a3191,Vakil Street, Kucha Pandit Lal Kuan,b Delhie110006l23216162 a152 ص c22 Cm(Hb)